Digital circuits and logic design / (Record no. 182187)

000 -LEADER
fixed length control field 01103 a2200217 4500
003 - CONTROL NUMBER IDENTIFIER
control field Nust
005 - DATE AND TIME OF LATEST TRANSACTION
control field 20221129144408.0
010 ## - LIBRARY OF CONGRESS CONTROL NUMBER
LC control number 76005446
020 ## - INTERNATIONAL STANDARD BOOK NUMBER
International Standard Book Number 81-203-0149-8
040 ## - CATALOGING SOURCE
Transcribing agency Nust
082 00 - DEWEY DECIMAL CLASSIFICATION NUMBER
Classification number 621.3815,LEE
100 1# - MAIN ENTRY--PERSONAL NAME
Personal name Lee, Samuel C.,
9 (RLIN) 103786
245 10 - TITLE STATEMENT
Title Digital circuits and logic design /
Statement of responsibility, etc. Samuel C. Lee.
260 ## - PUBLICATION, DISTRIBUTION, ETC.
Place of publication, distribution, etc. Englewood Cliffs, N.J. :
Name of publisher, distributor, etc. Prentice-Hall,
Date of publication, distribution, etc. c1976.
300 ## - PHYSICAL DESCRIPTION
Extent xii, 594 p. :
Other physical details ill. ;
Dimensions 24 cm.
505 ## - FORMATTED CONTENTS NOTE
Formatted contents note Switching Algebra And Switching Function (Page-7), Combinational Logic Design (Page-63), Combinational Logic Design Using Integrated Circuits (Page-107), Sequential Integrated Circuits (Page-170), Analysis And Synthesis Of Sequential Circuits (Page-217), Design Of Sequential Circuits Using Sequential Machine Flow Charts (Page-295), Fault Detection And Location In Combinational Circuits (Page-347), Fault Detection And Location In Sequential Circuits (Page-438), Logic Design Using Microprocessors (Page-496).
650 #0 - SUBJECT ADDED ENTRY--TOPICAL TERM
Topical term or geographic name entry element Integrated circuits.
650 #0 - SUBJECT ADDED ENTRY--TOPICAL TERM
Topical term or geographic name entry element Logic design.
9 (RLIN) 17983
650 #0 - SUBJECT ADDED ENTRY--TOPICAL TERM
Topical term or geographic name entry element Telecommunication Engineering
942 ## - ADDED ENTRY ELEMENTS (KOHA)
Source of classification or shelving scheme
Koha item type Book
Holdings
Withdrawn status Lost status Source of classification or shelving scheme Damaged status Not for loan Permanent Location Current Location Shelving location Date acquired Full call number Barcode Date last seen Price effective from Koha item type Public note
          Military College of Signals (MCS) Military College of Signals (MCS) General Stacks 12/12/2016 621.3815,LEE MCS28511 12/08/2016 12/12/2016 Book Almirah No.33, Shelf No.1
© 2023 Central Library, National University of Sciences and Technology. All Rights Reserved.